| 000 | 00677nam a2200205 a 4500 | ||
|---|---|---|---|
| 001 | 000656904 | ||
| 003 | AM-YeHGA | ||
| 005 | 20250617141433.0 | ||
| 008 | 090511s1963 ||| r 000 0 rus d | ||
| 040 | _aAM-YeHGA | ||
| 041 | 1 |
_arus _hnor |
|
| 100 | 1 | _aУльсен, Йоханна Бугге | |
| 245 | 1 | 0 |
_aТине / _cЙоханна Бугге Ульсен; Пер. с норвеж. Е. Игнатьевой, Н. Крымовой. |
| 246 | 3 | 1 | _aTine |
| 260 |
_aМосква : _bПрофиздат, _c1963. |
||
| 300 |
_a250 с. : _bил. |
||
| 653 | 0 | _aНорвежская литература | |
| 700 | 1 |
_aИгнатьева, Е. _eпер. _4trl |
|
| 090 | _c240265 | ||
| 999 |
_c238692 _d238692 |
||